El violento oficio de escribir (Registro nro. 302349)

Detalles MARC
000 -ENCABEZADO
Número de control [NR] 01053nam a2200289 c 4500
005 - FECHA Y HORA DE LA ÚLTIMA TRANSACCIÓN
control field 20161128083131.0
008 - DE LONGITUD FIJA DE DATOS DE ELEMENTOS - INFORMACIÓN GENERAL
Elementos de longitud fija [NR] 160121s1998 ag fr|||| 001 0 spa d
020 ## - NUMERO INTERNACIONAL NORMALIZADO PARA LIBROS [R]
Número Internacional Normalizado del libro [NR] 9788492891092
035 ## - NUMERO DE CONTROL DEL SISTEMA [R]
Número de control del sistema [NR] (OCoLC)732337343
040 ## - FUENTE DE CATALOGACION [NR]
Agencia de catalogación original [NR] SpMaBN
Idioma de catalogación [NR] spa
Quien Cataloga Saul Niño
Quien Clasifica Saul Niño
041 ## - CODIGO DE IDIOMA [R]
Código de idioma para texto/pista de sonido o título separado [R] Español
100 1# - ASIENTO PRINCIPAL--NOMBRE PERSONAL [NR]
Nombre personal [NR] Walsh, Rodolfo J.
Fechas asociadas con el nombre [NR] 1927-1977
ID Autoridad 74983
245 13 - MENCION DE TITULO [NR]
Título [NR] El violento oficio de escribir
Parte restante del título [NR] obra periodística
Mención de responsabilidad, etc. [NR] Rodolfo Walsh ; Edición a cargo de Daniel Link ; prólogo de Rogelio García Lupo
250 ## - MENCION DE EDICION [NR]
Mención de edición [NR] 2a ed
260 ## - PUBLICACION, DISTRIBUCION, ETC. (PIE DE IMPRENTA) [R]
Lugar de publicación, distribución, etc. [R] Buenos Aires (Argentina)
Nombre del editor, distribuidor, etc. [R] Planeta
Fecha de publicación, distribución, etc. [R] 1998
300 ## - DESCRIPCION FISICA [R]
Extensión [R] 438 páginas
490 0# - MENCION DE SERIE [R]
Mención de serie [R] Espejo de la Argentina
500 ## - NOTA GENERAL [R]
Nota general [NR] Incluye índice
650 ## - ASIENTO SECUNDARIO DE MATERIA - TERMINO TEMATICO [R]
Término temático o nombre geográfico como elemento de entrada [NR] Periodismo
Subdivisión general [R] Aspectos sociales
9 (RLIN) 50774
650 ## - ASIENTO SECUNDARIO DE MATERIA - TERMINO TEMATICO [R]
Término temático o nombre geográfico como elemento de entrada [NR] Política y gobierno
9 (RLIN) 22032
650 ## - ASIENTO SECUNDARIO DE MATERIA - TERMINO TEMATICO [R]
9 (RLIN) 9465
Término temático o nombre geográfico como elemento de entrada [NR] Arte de escribir
651 #7 - ASIENTO SECUNDARIO DE MATERIA - NOMBRE GEOGRAFICO [R]
Nombre geográfico [NR] Argentina
Subdivisión general [R] Política y gobierno
Subdivisión cronológica [R] 1955-1983
9 (RLIN) 74984
690 ## - ASUNTO AGREGADO LOCAL DE ENTRADA - TÉRMINO TEMÁTICO (OCLC, RLIN)
Acceso temático local Periodismo
9 (RLIN) 21340
700 1# - ASIENTO SECUNDARIO - NOMBRE PERSONAL [R]
Nombre personal [NR] García Lupo, Rogelio
Término de relación [R] prólogo
9 (RLIN) 78149
942 ## - ELEMENTOS DE ENTRADA AGREGADOS (KOHA)
Sistema de clasificación DEWEY
Tema principal Comunicación
Tipo de ítem principal el descrito en 300a Libro
Edición 2
Clasificación 070.4482
Parte restante de la signatura top. W223vi
Existencias
Fecha de último préstamo Total préstamos Total Renewals Signatura topográfica Código de barras Última vez visto Volúmen / Fascículo Ejemplar Costo de reposición Price effective from Tipo de ítem Perdido Sistema de clasificación Dañado No prestable Tipo de ítem específico Suprimido Ubicación habitual Ubicación actual Localización Fecha de creación Proveedor Forma de adquisición Costo
18/11/2016 3 6 070.4482 W223vi 100148450 05/12/2025 2a.Ed. Ej.1 515653.00 19/01/2016 Libro   DEWEY     Libro   Claustro Claustro 2do piso 19/01/2016 15 Compra 515653.00